[Event "HUN Team League Ch. Csongrad Region"]
[Site "Csongrád County"]
[Date "2016.03.06"]
[Round "7.4"]
[White "Abraham, Zoltan"]
[Black "Daroczi, Donat"]
[Result "1-0"]
[WhiteElo "1925"]
[BlackElo "1425"]
[PlyCount "87"]
[EventDate "2015.09.20"]

1. d4 d5 2. Nf3 c5 3. c3 e6 4. Bf4 Nf6 5. e3 Qb6 6. Qc2 Bd7 7. Nbd2 Nc6 8. Ne5
Nxe5 9. Bxe5 c4 10. Nf3 Qa5 11. Be2 Ba4 12. Qb1 Ne4 13. O-O f6 14. Bg3 g5 15.
b4 Qb6 16. Qc1 h5 17. h3 Nxg3 18. fxg3 Bd6 19. Nh2 Ke7 20. Qe1 Qc7 21. Rf3 h4
22. Nf1 hxg3 23. Nxg3 Bc2 24. Rc1 Be4 25. Nxe4 dxe4 26. Rf1 Bg3 27. Rf2 Bxf2+
28. Qxf2 Rag8 29. Qf1 Qg3 30. Qf2 Rxh3 31. Qxg3 Rxg3 32. Kf2 Rxg2+ 33. Kxg2 b5
34. a4 a6 35. Ra1 f5 36. axb5 axb5 37. Ra7+ Kf6 38. Rb7 f4 39. Bf1 fxe3 40.
Rxb5 Ra8 41. Ra5 Rf8 42. Re5 Ra8 43. Rxe4 Ra2+ 44. Kg3 1-0

[Event "HUN Team League Ch. Csongrad Region"]
[Site "Csongrád County"]
[Date "2016.03.06"]
[Round "7.4"]
[White "Febert, Richard"]
[Black "Buzas, Andras"]
[Result "1/2-1/2"]
[WhiteElo "1306"]
[BlackElo "1783"]
[PlyCount "98"]
[EventDate "2015.09.20"]

1. e4 c5 2. Bc4 Nc6 3. c3 Nf6 4. Qc2 d5 5. exd5 Nxd5 6. Qb3 e6 7. Nf3 Nf4 8.
O-O Be7 9. d4 Ng6 10. d5 exd5 11. Bxd5 O-O 12. Rd1 Qc7 13. Bg5 Bg4 14. Bxe7
Ngxe7 15. Nbd2 Na5 16. Bxf7+ Rxf7 17. Qc2 Raf8 18. Ng5 Bf5 19. Nde4 h6 20. Nxf7
Rxf7 21. Qe2 Bxe4 22. Qxe4 Nac6 23. Qe3 b6 24. Qe6 Qf4 25. f3 Kh8 26. Re1 Rf6
27. Qe4 Qg5 28. a3 Rg6 29. f4 Qf6 30. Rad1 h5 31. Rd7 Nf5 32. Rd5 Nfe7 33. Re5
Rg4 34. Rxe7 Nxe7 35. Qxe7 Qxf4 36. Qxa7 Qd2 37. Qa8+ Kh7 38. Rf1 Qe3+ 39. Kh1
Rf4 40. Qa6 c4 41. Rg1 h4 42. Qb7 h3 43. gxh3 Qe5 44. Qg2 Qf6 45. Qg5 Qc6+ 46.
Qg2 Qf6 47. Qc2+ g6 48. Qg2 Rf2 49. Qb7+ Kh6 1/2-1/2

[Event "HUN Team League Ch. Csongrad Region"]
[Site "Csongrád County"]
[Date "2016.03.06"]
[Round "7.4"]
[White "Bene, Zoltan"]
[Black "Kocsmar, Akos"]
[Result "1/2-1/2"]
[WhiteElo "1740"]
[BlackElo "1414"]
[PlyCount "48"]
[EventDate "2015.09.20"]

1. e4 c5 2. Nf3 Nc6 3. c3 g6 4. Bc4 e6 5. d4 cxd4 6. Nxd4 a6 7. Be3 d5 8. exd5
exd5 9. Bb3 Bg7 10. Qf3 Nxd4 11. cxd4 Be6 12. Nc3 Ne7 13. Rd1 Qd7 14. h3 h6 15.
O-O O-O 16. Na4 Rad8 17. Rc1 Nf5 18. Nc5 Qe7 19. Rfd1 Nxe3 20. Qxe3 Rfe8 21.
Rc2 Bf5 22. Re2 Qxe3 23. Rxe3 Rxe3 24. fxe3 Bc8 1/2-1/2

[Event "HUN Team League Ch. Csongrad Region"]
[Site "Csongrád County"]
[Date "2016.03.06"]
[Round "7.4"]
[White "Tamas, Attila"]
[Black "Tokes, Janos"]
[Result "0-1"]
[WhiteElo "1229"]
[BlackElo "1685"]
[PlyCount "54"]
[EventDate "2015.09.20"]

1. e4 e6 2. d4 d5 3. e5 c5 4. Bb5+ Nc6 5. Bxc6+ bxc6 6. Ne2 cxd4 7. Nxd4 c5 8.
Ne2 Ne7 9. Bg5 h6 10. Bxe7 Bxe7 11. c3 Qc7 12. f4 Rb8 13. Qc2 Qb6 14. b3 O-O
15. Nd2 Ba6 16. Nf3 Rfd8 17. O-O Bxe2 18. Qxe2 c4+ 19. Nd4 cxb3 20. axb3 Bc5
21. Qe3 Qxb3 22. Qd3 Rb4 23. Rab1 Rxd4 24. Rxb3 Rxd3+ 25. Kh1 Bd4 26. Rc1 Be3
27. Rc2 Rd1# 0-1

[Event "HUN Team League Ch. Csongrad Region"]
[Site "Csongrád County"]
[Date "2016.03.06"]
[Round "7.4"]
[White "Gachalyi, Gergo"]
[Black "Meljan, David"]
[Result "0-1"]
[WhiteElo "1441"]
[BlackElo "1658"]
[PlyCount "116"]
[EventDate "2015.09.20"]

1. e4 c6 2. d4 d5 3. e5 Bf5 4. Nf3 e6 5. Bd3 Bxd3 6. Qxd3 c5 7. c3 Nc6 8. Be3
Qb6 9. Qc2 Rc8 10. Qe2 cxd4 11. Bxd4 Nxd4 12. Nxd4 Bc5 13. Qb5+ Qxb5 14. Nxb5
a6 15. N5a3 Ne7 16. O-O O-O 17. Nc2 Ng6 18. Re1 Nf4 19. Rd1 Ba7 20. Ne1 Rfd8
21. Nf3 d4 22. h3 dxc3 23. Nxc3 b5 24. Rxd8+ Rxd8 25. Rc1 Bxf2+ 26. Kf1 Bb6 27.
Ne4 Nd5 28. Ke2 h6 29. Nd6 Nf4+ 30. Kf1 Nd5 31. Ke2 Bc7 32. Rc6 Bxd6 33. exd6
Nb4 34. Rb6 Nxa2 35. Rxa6 Nc1+ 36. Ke3 f6 37. Nd4 e5 38. Nxb5 Nb3 39. Nc7 Nd4
40. Ra8 Rxa8 41. Nxa8 Kf7 42. Nb6 Ke6 43. Nc4 Nf5+ 44. Ke4 Nxd6+ 45. Nxd6 Kxd6
46. b4 Kc6 47. Kd3 Kb5 48. Kc3 f5 49. g3 g5 50. g4 f4 51. Kd3 Kxb4 52. Ke4 Kc4
53. Kf3 Kd3 54. Kf2 e4 55. Kf1 Kd2 56. Kf2 e3+ 57. Kg2 e2 58. h4 e1=Q 0-1

[Event "HUN Team League Ch. Csongrad Region"]
[Site "Csongrád County"]
[Date "2016.03.06"]
[Round "7.5"]
[White "Csikos, Mihaly"]
[Black "Hajdu, Istvan"]
[Result "1/2-1/2"]
[WhiteElo "2122"]
[BlackElo "2020"]
[PlyCount "98"]
[EventDate "2015.09.20"]

1. c4 e5 2. Nc3 Nc6 3. g3 g6 4. Bg2 Bg7 5. e3 Nge7 6. Nge2 O-O 7. O-O d6 8. a3
Be6 9. b3 d5 10. cxd5 Nxd5 11. Qc2 f5 12. Bb2 Qd7 13. Na4 b6 14. Rac1 Nce7 15.
f4 e4 16. Bxg7 Kxg7 17. b4 Kg8 18. Nd4 Bf7 19. Rfe1 Rfc8 20. Bf1 a6 21. Nc3
Nxc3 22. dxc3 c5 23. Ne2 Qd3 24. Kf2 Nd5 25. Ng1 Qxc2+ 26. Rxc2 cxb4 27. axb4
Rxc3 28. Rxc3 Nxc3 29. Ra1 b5 30. Ne2 Na4 31. Rc1 a5 32. bxa5 Rxa5 33. Nd4 b4
34. Rc8+ Kg7 35. Rb8 Nc3 36. Rb7 Nd1+ 37. Ke2 Nc3+ 38. Kf2 Kf6 39. Rb6+ Kg7 40.
Rb7 Nd1+ 41. Ke2 Nc3+ 42. Kf2 Ra2+ 43. Kg1 Ra1 44. Rxb4 Nd5 45. Rb3 Kf6 46. h3
Rc1 47. Kf2 Rc3 48. Rxc3 Nxc3 49. Ke1 Nd5 1/2-1/2

[Event "HUN Team League Ch. Csongrad Region"]
[Site "Csongrád County"]
[Date "2016.03.06"]
[Round "7.5"]
[White "Radics, Laszlo"]
[Black "Kovacs, Arthur Dr"]
[Result "1/2-1/2"]
[WhiteElo "1901"]
[BlackElo "2004"]
[PlyCount "44"]
[EventDate "2015.09.20"]

1. d4 d5 2. Nf3 Nf6 3. Bg5 e6 4. Nbd2 Be7 5. e3 O-O 6. Bd3 Nbd7 7. O-O c5 8. c4
b6 9. Ne5 Bb7 10. f4 dxc4 11. Bxc4 Ne4 12. Bxe7 Qxe7 13. Nxe4 Bxe4 14. Nxd7
Qxd7 15. dxc5 Qc6 16. Qe2 Qxc5 17. Rac1 Rac8 18. Qe1 g6 19. Ba6 Qxc1 20. Qxc1
Rxc1 21. Rxc1 Rd8 22. Rc8 Rxc8 1/2-1/2

[Event "HUN Team League Ch. Csongrad Region"]
[Site "Csongrád County"]
[Date "2016.03.06"]
[Round "7.5"]
[White "Molnar, Gabor"]
[Black "Csipai, Levente"]
[Result "0-1"]
[WhiteElo "1947"]
[BlackElo "1853"]
[PlyCount "73"]
[EventDate "2015.09.20"]

1. d4 d5 2. Nf3 Nf6 3. Bf4 e6 4. e3 c5 5. c3 Nbd7 6. Bd3 Be7 7. Nbd2 Nh5 8. Bg3
a6 9. Qa4 c4 10. Bb1 b5 11. Qd1 f5 12. Be5 Nhf6 13. b3 Nxe5 14. Nxe5 Bb7 15. a4
O-O 16. b4 a5 17. bxa5 Qxa5 18. Qc1 bxa4 19. O-O Rfb8 20. f3 Bd6 21. e4 Bxe5
22. dxe5 Nd7 23. exf5 exf5 24. f4 g6 25. Nf3 Nc5 26. Nd4 Nb3 27. Qa3 Qb6 28.
Kh1 Nxa1 29. e6 Re8 30. Qxa1 Bc8 31. Bc2 Bxe6 32. Qa3 Bd7 33. Rb1 Qd8 34. Qd6
Bc8 35. Qc6 Ra6 36. Qb5 Rb6 37. Qxb6 0-1

[Event "HUN Team League Ch. Csongrad Region"]
[Site "Csongrád County"]
[Date "2016.03.06"]
[Round "7.5"]
[White "Czibulya, Ferenc"]
[Black "Kelemen, David"]
[Result "0-1"]
[WhiteElo "1863"]
[BlackElo "2008"]
[PlyCount "78"]
[EventDate "2015.09.20"]

1. d4 Nf6 2. c4 g6 3. Nc3 Bg7 4. Nf3 O-O 5. e3 d6 6. Bd3 c5 7. O-O Na6 8. a3
Rb8 9. Ne4 Nxe4 10. Bxe4 b5 11. cxb5 Rxb5 12. Bd3 Rb8 13. Qa4 Qb6 14. Nd2 cxd4
15. Nc4 Qb3 16. Qxb3 Rxb3 17. Bc2 Rb8 18. Rd1 Be6 19. Na5 dxe3 20. fxe3 Bxb2
21. Bxb2 Rxb2 22. Bd3 Nc5 23. Nc6 Rb7 24. Na5 Rc7 25. Rac1 Rfc8 26. Bc4 Ne4 27.
Rd4 d5 28. h3 Rc5 29. Nb3 Rxc4 30. Rdxc4 Rxc4 31. Rxc4 dxc4 32. Nd4 c3 33. Kf1
Bc4+ 34. Ke1 e5 35. Nc2 Bb3 36. Kd1 Nf2+ 37. Kc1 Nd3+ 38. Kb1 a5 39. g4 g5 0-1

[Event "HUN Team League Ch. Csongrad Region"]
[Site "Csongrád County"]
[Date "2016.03.06"]
[Round "7.5"]
[White "Martonosi, Adam"]
[Black "Revesz, Norbert"]
[Result "1-0"]
[WhiteElo "1880"]
[BlackElo "1819"]
[PlyCount "139"]
[EventDate "2015.09.20"]

1. c4 f5 2. g3 Nf6 3. Bg2 g6 4. Nc3 Bg7 5. Nf3 O-O 6. O-O d6 7. d4 c6 8. b3 Qe8
9. Qc2 e5 10. dxe5 dxe5 11. Ba3 Rf7 12. Rad1 Rd7 13. e4 Rxd1 14. Rxd1 f4 15.
Nxe5 fxg3 16. hxg3 Nbd7 17. Nf3 Ng4 18. Nd4 Nde5 19. Qe2 Nf7 20. f4 Bxd4+ 21.
Rxd4 Be6 22. Bf3 h5 23. e5 Rd8 24. Qd2 Rxd4 25. Qxd4 Qd7 26. Qxd7 Bxd7 27. Ne4
Nd8 28. Be7 Nf7 29. Nc5 Bc8 30. Ne4 Be6 31. Bc5 a6 32. Be2 Ngh6 33. Nd2 Bf5 34.
Nf3 Nd8 35. Nd4 Bb1 36. a3 Kf7 37. b4 Ne6 38. Bb6 Nf5 39. Nxf5 Bxf5 40. Kf2 Nf8
41. Ke1 Nd7 42. Bf2 Ke6 43. Kd2 Be4 44. Ke3 Bf5 45. Kd4 Bc2 46. g4 hxg4 47.
Bxg4+ Bf5 48. Bf3 g5 49. Be3 gxf4 50. Bxf4 Bc2 51. b5 axb5 52. cxb5 cxb5 53.
Bxb7 Bb3 54. Bc8 Bd1 55. Kc3 Be2 56. Bg5 Bg4 57. Kb4 Be2 58. Bf6 Bd3 59. Ba6
Nxe5 60. Bxe5 Kxe5 61. Bxb5 Bc2 62. Ba4 Bd3 63. Kc5 Be2 64. Bb3 Bd3 65. a4 Be2
66. a5 Bd3 67. Ba4 Be2 68. Bb5 Bf3 69. a6 Ke6 70. Bc6 1-0

[Event "HUN Team League Ch. Csongrad Region"]
[Site "Csongrád County"]
[Date "2016.03.06"]
[Round "7.5"]
[White "Nagy, Viktor"]
[Black "Csibor, Andras"]
[Result "0-1"]
[WhiteElo "1686"]
[BlackElo "1832"]
[PlyCount "90"]
[EventDate "2015.09.20"]

1. e4 e6 2. d4 d5 3. exd5 exd5 4. Bd3 Nf6 5. Bf4 Bd6 6. Qe2+ Be6 7. Bxd6 Qxd6
8. Nf3 O-O 9. O-O Re8 10. Re1 Nbd7 11. Nbd2 Bf5 12. Qf1 Bxd3 13. Qxd3 b6 14. c3
c5 15. Rad1 c4 16. Qf1 b5 17. Rxe8+ Rxe8 18. Re1 b4 19. Rxe8+ Nxe8 20. Qe2 Nef6
21. Ne5 bxc3 22. bxc3 Qa3 23. Nxd7 Nxd7 24. Nb1 Qc1+ 25. Qf1 Qc2 26. a3 f5 27.
Qe1 Kf7 28. f3 g5 29. g4 f4 30. h3 h6 31. Kh1 Nf8 32. Kg1 Ng6 33. Qf1 Nh4 34.
Kh1 Nxf3 35. Qxf3 Qxb1+ 36. Kh2 Qe4 37. Qxe4 dxe4 38. Kg2 Ke6 39. Kf2 Kd5 40.
Ke2 e3 41. Kf3 a6 42. Ke2 Ke4 43. a4 f3+ 44. Ke1 a5 45. Kd1 Kd3 0-1

[Event "HUN Team League Ch. Csongrad Region"]
[Site "Csongrád County"]
[Date "2016.03.06"]
[Round "7.5"]
[White "Hajnal, Bence"]
[Black "Kozak, Janos"]
[Result "1/2-1/2"]
[WhiteElo "1770"]
[BlackElo "1610"]
[PlyCount "70"]
[EventDate "2015.09.20"]

1. b3 e5 2. g3 d5 3. d3 Be6 4. Bb2 Nc6 5. e3 Bd6 6. Ne2 Nf6 7. Nd2 O-O 8. Bg2
Re8 9. a3 a5 10. h3 b5 11. g4 h6 12. Ng3 Ne7 13. e4 d4 14. Nf5 Ng6 15. h4 Nf4
16. Kf1 Nxg2 17. Kxg2 Nh7 18. Nf1 Bf8 19. Bc1 Bxf5 20. exf5 Be7 21. g5 hxg5 22.
hxg5 Bxg5 23. Qh5 Bh6 24. Bxh6 gxh6 25. Qxh6 Qg5+ 26. Ng3 Qxh6 27. Rxh6 Kg7 28.
Rah1 Rh8 29. Ne4 f6 30. R6h5 Rag8 31. Kf3 Rd8 32. Kg4 Rdg8 33. Kf3 Rc8 34. Rg1+
Kf7 35. Rgh1 Kg7 1/2-1/2

[Event "HUN Team League Ch. Csongrad Region"]
[Site "Csongrád County"]
[Date "2016.03.06"]
[Round "7.5"]
[White "Makay, Andor Dr"]
[Black "Jakso, Abel"]
[Result "1-0"]
[WhiteElo "1705"]
[BlackElo "1299"]
[PlyCount "63"]
[EventDate "2015.09.20"]

1. d4 g6 2. e4 Bg7 3. Nc3 d6 4. h3 Nf6 5. Bg5 Nbd7 6. Nf3 O-O 7. Qd2 c5 8. Bh6
cxd4 9. Nxd4 Nc5 10. Bxg7 Kxg7 11. Qe3 Qa5 12. Bd3 Qd8 13. Be2 Bd7 14. O-O a6
15. b3 b5 16. f4 b4 17. Nd5 Ncxe4 18. Nxf6 Nxf6 19. Bf3 Rc8 20. Qd2 a5 21. Rac1
Qb6 22. Kh1 Qc5 23. g4 Nd5 24. f5 Nc3 25. Rce1 Rce8 26. Bg2 Nxa2 27. Qf4 Nc3
28. f6+ exf6 29. Qxf6+ Kg8 30. Rxe8 Bxe8 31. Ne6 Nd5 32. Qg7# 1-0